Dialectología española
Guardat en:
| Autor principal: | |
|---|---|
| Format: | Llibre |
| Idioma: | espanyol |
| Publicat: |
Madrid
Gredos
1960
|
| Col·lecció: | Biblioteca Románica Hispánica. Manuales, 8
|
| Matèries: | |
| Etiquetes: |
Afegir etiqueta
Sense etiquetes, Sigues el primer a etiquetar aquest registre!
|
MARC
| LEADER | 00000nam a2200000 a 4500 | ||
|---|---|---|---|
| 001 | UCQ3595 | ||
| 003 | CL-VaPUC | ||
| 008 | 980821e19600000SP |||||||||||||||||spa|d | ||
| 082 | 0 | 4 | |a 467 |b ZAM |2 21 |
| 100 | 0 | |a Zamora Vicente, Alonso |e author |9 378324 | |
| 245 | 1 | 0 | |a Dialectología española |
| 300 | |a 394 p | ||
| 942 | |c BK | ||
| 945 | |d 19980821 00:00:00 |a crobeson | ||
| 260 | |a Madrid |b Gredos |c 1960 | ||
| 650 | 0 | |a Español |9 255372 | |
| 650 | 7 | |a DIALECTOS |2 CL-VaPUC |9 348323 | |
| 650 | 0 | |a Lenguajes varios |9 416261 | |
| 650 | 0 | |a Investigación lingüística |9 329785 | |
| 583 | |a last modification |c 19980821 00:00:00 |k Rodrigo Vera | ||
| 490 | 0 | |a Biblioteca Románica Hispánica. Manuales, 8 | |
| 999 | |c 274115 |d 274113 | ||
| 952 | |0 0 |1 0 |4 0 |6 467_000000000000000_ZAM_1960 |7 0 |8 A |9 310185 |a BIBEDU |b BIBEDU |d 2019-11-20 |i 1455915 |o 467 ZAM 1960 |p 1455915 |r 2019-11-20 |w 2019-11-20 |y BK |k LIT | ||
| 952 | |0 0 |1 0 |4 0 |6 467_000000000000000_ZAM_1960 |7 0 |8 A |9 310186 |a BIBEDU |b BIBEDU |d 2019-11-20 |i 3815471 |o 467 ZAM 1960 |p 3815471 |r 2019-11-20 |w 2019-11-20 |y BK |k BME | ||
| 952 | |0 0 |1 0 |4 0 |6 467_000000000000000_ZAM_1960 |7 0 |8 A |9 310187 |a FDOPOS |b FDOPOS |d 2019-11-20 |i 4273494 |o 467 ZAM 1960 |p 4273494 |r 2025-01-22 |w 2019-11-20 |y BK |k MLA | ||